000 00621nam a2200217Ia 4500
001 7480
003 GE_BSU
008 181216s||||||||xx |||||||||||||| ||und||
040 _cGE_BSU
080 _a696(035.5)
100 _aЖуравлев,Б. А. Лисицын,С.Н.
245 _aСправочник мастера-сантехника.
250 _aИзд 3-е, перераб.
260 _aМ.
260 _bСтройиздат.
260 _c1966.
300 _a490стр. с илл. 20см.
300 _eтабл.
653 _aСправочник мастера-сантехника.
942 _cBK
999 _c40840
_d40840